[Event "Monmouth op"]
[Site "Monmouth"]
[Date "2004.07.??"]
[Round "4"]
[White "Jakubovics, Nick S"]
[Black "Rayner, Francis"]
[Result "1-0"]
[WhiteElo "2217"]
[BlackElo "2247"]
[PlyCount "67"]
[EventDate "2004.??.??"]
[EventType "swiss"]
[EventRounds "5"]
[EventCountry "WLS"]
[SourceTitle "EXT 2007"]
[Source "ChessBase"]
[SourceDate "2006.11.23"]
[SourceVersion "1"]
[SourceVersionDate "2006.11.23"]
[SourceQuality "1"]

1. e4 c5 2. Nf3 e6 3. d3 a6 4. g3 b5 5. Bg2 Bb7 6. 0-0 d6 7. Re1 Nf6 8. Nbd2 Nbd7 9. Nf1 Be7 10. Ne3 0-0 11. g4 Ne5 12. Nxe5 dxe5 13. g5 Nd7 14. h4 f5 15. c3 Rb8 16. Qb3 c4 17. dxc4 Nc5 18. Qc2 fxe4 19. cxb5 axb5 20. Ng4 Nd3 21. Rxe4 Bc5 22. Be3 Bxe3 23. Rxe3 Bxg2 24. Rxd3 Bd5 25. Ne3 Rf4 26. Nxd5 exd5 27. Qb3 Rc4 28. Re1 e4 29. Rxe4 Kh8 30. Red4 Qf8 31. Qd1 Re8 32. Qf3 Re1+ 33. Kg2 Qe8 34. Rxd5 1-0

[Event "Monmouth op"]
[Site "Monmouth"]
[Date "2001.07.22"]
[Round "5"]
[White "Arkell, Keith C"]
[Black "Jakubovics, Nick S"]
[Result "1/2-1/2"]
[WhiteElo "2431"]
[BlackElo "2221"]
[PlyCount "66"]
[EventDate "2001.07.??"]
[EventType "swiss"]
[EventRounds "5"]
[EventCountry "WLS"]
[SourceTitle "EXT 2004"]
[Source "ChessBase"]
[SourceDate "2003.11.25"]
[SourceVersion "1"]
[SourceVersionDate "2003.11.25"]
[SourceQuality "1"]

1. d4 d5 2. c4 e6 3. Nf3 c6 4. Bg5 Nf6 5. e3 Nbd7 6. cxd5 exd5 7. Nc3 Be7 8. Qc2 Nf8 9. Bd3 h6 10. Bh4 Ne6 11. 0-0 0-0 12. Rab1 g6 13. b4 Ng7 14. b5 Nf5 15. Bxf6 Bxf6 16. bxc6 bxc6 17. Na4 Bd7 18. Nc5 Nd6 19. Bxg6 fxg6 20. Qxg6+ Kh8 21. Qxh6+ Kg8 22. Qg6+ Kh8 23. Qh5+ Kg8 24. Qg6+ Kh8 25. Ne5 Bf5 26. Qh5+ Kg8 27. Rb3 Bxe5 28. dxe5 Ne4 29. Nxe4 dxe4 30. g4 Bc8 31. Qg6+ Kh8 32. Qh6+ Kg8 33. Qg6+ Kh8 1/2-1/2

[Event "Monmouth op"]
[Site "Monmouth"]
[Date "2001.07.22"]
[Round "4"]
[White "Nosenko, Alexander"]
[Black "Jakubovics, Nick S"]
[Result "0-1"]
[WhiteElo "2436"]
[BlackElo "2221"]
[PlyCount "84"]
[EventDate "2001.07.??"]
[EventType "swiss"]
[EventRounds "5"]
[EventCountry "WLS"]
[SourceTitle "EXT 2004"]
[Source "ChessBase"]
[SourceDate "2003.11.25"]
[SourceVersion "1"]
[SourceVersionDate "2003.11.25"]
[SourceQuality "1"]

1. d4 d5 2. c4 e6 3. Nc3 c6 4. e3 Nf6 5. Nf3 Nbd7 6. Qc2 Bd6 7. b3 0-0 8. Bb2 e5 9. cxd5 cxd5 10. dxe5 Nxe5 11. Be2 Bg4 12. Nd4 Rc8 13. 0-0 Ne4 14. f3 Nxc3 15. Bxc3 Qh4 16. g3 Qh6 17. Qd2 Bh3 18. Rf2 Rfe8 19. Re1 Qg6 20. Kh1 h5 21. Rd1 Qh6 22. Bf1 Bd7 23. Re2 h4 24. g4 Bc5 25. g5 Qg6 26. Rf2 Bf5 27. Bb2 h3 28. Bb5 Re7 29. Rc1 Bd3 30. b4 Bxb5 31. Nxb5 Nc4 32. Rxc4 dxc4 33. bxc5 Rxc5 34. Nc3 Rxg5 35. Qc1 Rxe3 36. Qf1 Qd3 37. Ne2 Rb5 38. Qxh3 Rxe2 39. Qc8+ Kh7 40. Qh3+ Kg6 41. Qg2+ Rg5 42. Rxe2 Qd1+ 0-1

[Event "Monmouth op"]
[Site "Monmouth"]
[Date "2001.07.21"]
[Round "3"]
[White "Jakubovics, Nick S"]
[Black "Ghasi, Ameet K"]
[Result "1/2-1/2"]
[WhiteElo "2221"]
[BlackElo "2188"]
[PlyCount "79"]
[EventDate "2001.07.??"]
[EventType "swiss"]
[EventRounds "5"]
[EventCountry "WLS"]
[SourceTitle "EXT 2004"]
[Source "ChessBase"]
[SourceDate "2003.11.25"]
[SourceVersion "1"]
[SourceVersionDate "2003.11.25"]
[SourceQuality "1"]

1. e4 c5 2. Nf3 d6 3. d4 cxd4 4. Nxd4 Nf6 5. Nc3 a6 6. f4 Qc7 7. Nf3 Nbd7 8. Bd3 g6 9. 0-0 Bg7 10. Qe1 b5 11. e5 dxe5 12. fxe5 Ng4 13. e6 fxe6 14. Qh4 Nde5 15. Nxe5 Nxe5 16. Be3 Bb7 17. Rac1 0-0-0 18. a4 Nc4 19. Bxc4 Qxc4 20. Qh3 Qc6 21. axb5 axb5 22. Rce1 Rhf8 23. Rf2 h5 24. Ba7 Rf5 25. Qg3 Rd6 26. Qxg6 Rxf2 27. Bxf2 Bxc3 28. bxc3 e5 29. Qg8+ Kc7 30. Rxe5 Rd1+ 31. Re1 Rxe1+ 32. Bxe1 Qc5+ 33. Kh1 Qf5 34. Qg3+ Kc8 35. Qf2 Qe4 36. Qc5+ Bc6 37. Qf2 Kb7 38. Kg1 Qg4 39. h3 Qg6 40. Qe2 1/2-1/2

[Event "BCF-chT2 0001 (4NCL)"]
[Site "Birmingham"]
[Date "2001.05.07"]
[Round "11.6"]
[White "Jakubovics, Nick S"]
[Black "Thomas, Nicholas"]
[Result "0-1"]
[WhiteElo "2229"]
[BlackElo "2195"]
[PlyCount "68"]
[EventDate "2000.11.26"]
[EventType "team"]
[EventRounds "11"]
[EventCountry "ENG"]
[SourceTitle "CBM 079 Extra"]
[Source "ChessBase"]
[SourceDate "2001.01.11"]
[SourceVersion "2"]
[SourceVersionDate "2001.01.25"]
[SourceQuality "1"]
[WhiteTeam "Bristol"]
[BlackTeam "Guildford II"]
[WhiteTeamCountry "ENG"]
[BlackTeamCountry "ENG"]

1. e4 e6 2. d3 d5 3. Nd2 Nf6 4. Ngf3 Nc6 5. g3 dxe4 6. dxe4 Bc5 7. Bg2 e5 8. 0-0 0-0 9. Qe2 a5 10. c3 b6 11. Nh4 Ba6 12. Nc4 a4 13. b4 Bxb4 14. cxb4 Qd4 15. Be3 Qxc4 16. Qxc4 Bxc4 17. Rfc1 b5 18. a3 Rad8 19. Nf5 g6 20. Bg5 gxf5 21. Bxf6 Rd6 22. Bg5 Nd4 23. Be7 Ne2+ 24. Kh1 Nxc1 25. Rxc1 Rd2 26. Bxf8 Kxf8 27. exf5 Rxf2 28. Rd1 Rxf5 29. Rd7 Rf2 30. Rxc7 Ra2 31. Bc6 Rxa3 32. Rb7 Rb3 33. Rb8+ Kg7 34. Re8 a3 0-1

[Event "BCF-chT2 0001 (4NCL)"]
[Site "Birmingham"]
[Date "2001.03.17"]
[Round "7.7"]
[White "Wingfield, J Nick"]
[Black "Jakubovics, Nick S"]
[Result "0-1"]
[WhiteElo "1920"]
[BlackElo "2229"]
[PlyCount "110"]
[EventDate "2000.11.26"]
[EventType "team"]
[EventRounds "11"]
[EventCountry "ENG"]
[SourceTitle "CBM 079 Extra"]
[Source "ChessBase"]
[SourceDate "2001.01.11"]
[SourceVersion "2"]
[SourceVersionDate "2001.01.25"]
[SourceQuality "1"]
[WhiteTeam "WIT"]
[BlackTeam "Bristol II"]
[WhiteTeamCountry "ENG"]
[BlackTeamCountry "ENG"]

1. d4 d5 2. Nf3 e6 3. Bf4 Nf6 4. Nbd2 c5 5. e3 Nc6 6. c3 Be7 7. Bd3 0-0 8. Ne5 Bd7 9. g4 Nxe5 10. dxe5 Ne8 11. g5 Bc6 12. Rg1 g6 13. h4 Ng7 14. Be2 d4 15. c4 Qa5 16. Qc2 Rad8 17. e4 a6 18. Rg3 b5 19. Kf1 Rd7 20. Qd3 Rfd8 21. Rh3 Qb4 22. b3 Qa3 23. Qc2 Bf8 24. Bd3 Nh5 25. Bh2 Qa5 26. Rc1 Rb8 27. f4 Qd8 28. Qd1 a5 29. cxb5 Bxb5 30. Bxb5 Rxb5 31. Rc4 Rb4 32. Rd3 Qa8 33. Qc2 Ra7 34. a3 Rxc4 35. bxc4 a4 36. Kf2 Be7 37. Kf3 Qc6 38. Nf1 Rb7 39. Ng3 Ng7 40. Bg1 Bd8 41. Bf2 Ba5 42. Kg4 Bc3 43. Rf3 Rb2 44. Qd1 Rb3 45. Qe2 Rb1 46. Qc2 Rb3 47. h5 Nxh5 48. Nxh5 gxh5+ 49. Kxh5 Rxa3 50. Rh3 Rb3 51. Qe2 Rb2 52. Qf3 a3 53. Qh1 a2 54. Kg4 Rb1 55. Qh2 Qxe4 0-1

[Event "BCF-chT2 9900 (4NCL)"]
[Site "Birmingham"]
[Date "2000.05.01"]
[Round "11.2"]
[White "McMichael, Richard"]
[Black "Jakubovics, Nick S"]
[Result "1/2-1/2"]
[WhiteElo "2261"]
[BlackElo "2238"]
[PlyCount "136"]
[EventDate "1999.10.??"]
[EventType "team"]
[EventRounds "11"]
[EventCountry "ENG"]
[SourceTitle "EXT 2001"]
[Source "ChessBase"]
[SourceDate "2000.11.22"]
[SourceVersion "1"]
[SourceVersionDate "2000.11.22"]
[SourceQuality "1"]
[WhiteTeam "Kings Head"]
[BlackTeam "Bristol II"]
[WhiteTeamCountry "ENG"]
[BlackTeamCountry "ENG"]

1. b3 e5 2. Bb2 Nc6 3. e3 d5 4. Bb5 Bd6 5. f4 Qh4+ 6. g3 Qe7 7. Nf3 Bg4 8. fxe5 Bxf3 9. Qxf3 Bxe5 10. Bxe5 Qxe5 11. Bxc6+ bxc6 12. Nc3 Nf6 13. 0-0 0-0 14. Qf4 Rae8 15. Qxe5 Rxe5 16. Rf4 Ne4 17. Nxe4 dxe4 18. Raf1 f5 19. g4 g6 20. gxf5 gxf5 21. R1f2 Rf6 22. Kf1 Kf7 23. Ke2 Ke6 24. d3 exd3+ 25. cxd3 Rh6 26. Kd2 Rh3 27. Re2 Ra5 28. Kc3 Re5 29. Kd2 Ra5 30. a4 Rd5 31. Rb4 Kd6 32. Rb8 Kd7 33. Rg2 f4 34. exf4 Rdxd3+ 35. Kc2 Rdf3 36. Rb4 Rh4 37. Rd4+ Kc8 38. Rc4 Rhxf4 39. Rxc6 Rf2+ 40. Rxf2 Rxf2+ 41. Kc3 Rxh2 42. Kb4 Kb7 43. Rf6 Rh4+ 44. Kc5 Rh5+ 45. Kc4 Rh1 46. Kb4 h5 47. Kb5 Rd1 48. Rh6 Rd5+ 49. Kc4 Rg5 50. b4 a6 51. a5 Rg4+ 52. Kc5 Rg5+ 53. Kc4 Rb5 54. Rh7 Re5 55. Rh6 Rf5 56. Rh7 Rf4+ 57. Kc5 Rf5+ 58. Kc4 Re5 59. Rh6 Rb5 60. Rh7 Rg5 61. Rh6 Rg4+ 62. Kc5 Rh4 63. b5 axb5 64. Kxb5 Rh1 65. a6+ Ka7 66. Rh7 Rb1+ 67. Ka5 Rc1 68. Kb5 Rb1+ 1/2-1/2

[Event "Bristol op"]
[Site "Bristol"]
[Date "2000.??.??"]
[Round "?"]
[White "Beaumont, Chris"]
[Black "Jakubovics, Nick S"]
[Result "1-0"]
[WhiteElo "2290"]
[BlackElo "2238"]
[PlyCount "81"]
[EventDate "2000.??.??"]
[EventType "swiss"]
[EventRounds "5"]
[EventCountry "ENG"]
[SourceTitle "EXT 2002"]
[Source "ChessBase"]
[SourceDate "2001.11.25"]
[SourceVersion "1"]
[SourceVersionDate "2001.11.25"]
[SourceQuality "1"]

1. Nf3 d5 2. d4 Nf6 3. c4 e6 4. g3 c6 5. Qc2 Bd6 6. Bg2 0-0 7. 0-0 Nbd7 8. Rd1 Ne4 9. Nbd2 f5 10. Ne1 Nxd2 11. Bxd2 Qe7 12. Nd3 Nf6 13. Bf4 Bd7 14. Bxd6 Qxd6 15. b4 Rfc8 16. Rab1 Be8 17. Rdc1 Rc7 18. Ne5 Bg6 19. cxd5 exd5 20. b5 Rac8 21. bxc6 bxc6 22. Qc5 Qe6 23. Rb3 Nd7 24. Nxd7 Qxd7 25. Rbc3 Bf7 26. Qa5 Be6 27. Qa4 Qd6 28. e3 Kf7 29. Rc5 Rb8 30. Rxc6 Rxc6 31. Rxc6 Rb1+ 32. Bf1 Qb8 33. Rc3 f4 34. Rb3 Bh3 35. Rxb1 Qxb1 36. Qxa7+ Kf8 37. Qc5+ Kf7 38. Qxd5+ Be6 39. Qh5+ Ke7 40. Qg5+ Ke8 41. Qb5+ 1-0

[Event "BCF-chT2 9900 (4NCL)"]
[Site "Birmingham"]
[Date "1999.11.20"]
[Round "3.3"]
[White "Jakubovics, Nick S"]
[Black "Duncan, Christopher R"]
[Result "0-1"]
[WhiteElo "2238"]
[BlackElo "2297"]
[PlyCount "63"]
[EventDate "1999.10.??"]
[EventType "team"]
[EventRounds "11"]
[EventCountry "ENG"]
[SourceTitle "EXT 2001"]
[Source "ChessBase"]
[SourceDate "2000.11.22"]
[SourceVersion "1"]
[SourceVersionDate "2000.11.22"]
[SourceQuality "1"]
[WhiteTeam "Bristol II"]
[BlackTeam "Barbican II"]
[WhiteTeamCountry "ENG"]
[BlackTeamCountry "ENG"]

1. e4 c5 2. Nf3 d6 3. d4 cxd4 4. Nxd4 Nf6 5. Nc3 g6 6. Be2 Bg7 7. Be3 0-0 8. h4 Nc6 9. h5 d5 10. Nxc6 bxc6 11. e5 Ne4 12. Nxe4 dxe4 13. Bd4 Qd5 14. Qd2 Rd8 15. Rd1 Bf5 16. Qe3 Qe6 17. h6 Bxe5 18. 0-0 Rd7 19. Bxe5 Qxe5 20. Rxd7 Bxd7 21. Rd1 Be8 22. Rd4 f5 23. Bc4+ Bf7 24. Bxf7+ Kxf7 25. Qb3+ Kf6 26. Rc4 c5 27. Qb7 Rd8 28. Kf1 Qd6 29. g3 Qd1+ 30. Kg2 Qf3+ 31. Kh2 Qxf2+ 32. Kh3 0-1

[Event "BCF-chT2 9899 (4NCL)"]
[Site "England"]
[Date "1999.03.21"]
[Round "8.2"]
[White "Toothill, John A"]
[Black "Jakubovics, Nick S"]
[Result "0-1"]
[WhiteElo "2225"]
[BlackElo "2210"]
[PlyCount "48"]
[EventDate "1998.10.??"]
[EventType "team"]
[EventRounds "11"]
[EventCountry "ENG"]
[SourceTitle "EXT 2000"]
[Source "ChessBase"]
[SourceDate "1999.11.16"]
[SourceVersion "1"]
[SourceVersionDate "1999.11.16"]
[SourceQuality "1"]
[WhiteTeam "BCCA"]
[BlackTeam "Bristol II"]
[WhiteTeamCountry "ENG"]
[BlackTeamCountry "ENG"]

1. e4 e5 2. Nf3 Nc6 3. Bb5 a6 4. Ba4 Nf6 5. 0-0 Nxe4 6. d4 b5 7. Bb3 d5 8. dxe5 Be6 9. Be3 Be7 10. Nbd2 Nc5 11. c3 Nd7 12. Bf4 g5 13. Bg3 h5 14. h3 g4 15. hxg4 hxg4 16. Nd4 Ncxe5 17. f4 gxf3 18. N2xf3 Bd6 19. Nxe6 fxe6 20. Nxe5 Nxe5 21. Qe2 Qg5 22. Bf2 Nf3+ 23. Qxf3 Bh2+ 24. Kh1 Bg3+ 0-1

[Event "BCF-chT2 9899 (4NCL)"]
[Site "England"]
[Date "1999.03.20"]
[Round "7.2"]
[White "Jakubovics, Nick S"]
[Black "Baker, Chris W"]
[Result "1-0"]
[WhiteElo "2210"]
[BlackElo "2390"]
[PlyCount "75"]
[EventDate "1998.10.??"]
[EventType "team"]
[EventRounds "11"]
[EventCountry "ENG"]
[SourceTitle "EXT 2000"]
[Source "ChessBase"]
[SourceDate "1999.11.16"]
[SourceVersion "1"]
[SourceVersionDate "1999.11.16"]
[SourceQuality "1"]
[WhiteTeam "Bristol II"]
[BlackTeam "BIG II"]
[WhiteTeamCountry "ENG"]
[BlackTeamCountry "ENG"]

1. e4 c5 2. Nf3 e6 3. d3 d5 4. Nbd2 Nc6 5. g3 g6 6. Bg2 Bg7 7. 0-0 Nge7 8. Re1 0-0 9. e5 Qc7 10. Qe2 b6 11. c3 Ba6 12. Nf1 d4 13. c4 b5 14. b3 bxc4 15. bxc4 Rab8 16. Bg5 Kh8 17. g4 Qa5 18. Bf6 Qa3 19. Qd2 Bxf6 20. exf6 Ng8 21. Ng5 Nb4 22. Qf4 Rbc8 23. Nxh7 Nxd3 24. Qg3 Nxf6 25. Nxf6 Bxc4 26. g5 Kg7 27. Be4 Qa6 28. Bxd3 Bxd3 29. Qe5 Rg8 30. Nd7+ Kh7 31. Nxc5 Qc4 32. Nxd3 Qxd3 33. Re4 Rg7 34. Rxd4 Qf3 35. Rh4+ Kg8 36. Rc1 Rd8 37. Rc3 Qf5 38. Rch3 1-0

[Event "Bristol op"]
[Site "Bristol"]
[Date "1999.??.??"]
[Round "2"]
[White "Buckley, David"]
[Black "Jakubovics, Nick S"]
[Result "0-1"]
[WhiteElo "2143"]
[BlackElo "2210"]
[PlyCount "86"]
[EventDate "1999.??.??"]
[EventType "swiss"]
[EventRounds "5"]
[EventCountry "ENG"]
[SourceTitle "EXT 2000"]
[Source "ChessBase"]
[SourceDate "1999.11.16"]
[SourceVersion "1"]
[SourceVersionDate "1999.11.16"]
[SourceQuality "1"]

1. e4 e5 2. f4 exf4 3. Nf3 Be7 4. Bc4 Nf6 5. e5 Ng4 6. 0-0 Nc6 7. d4 d5 8. exd6 Bxd6 9. Re1+ Ne7 10. Qe2 0-0 11. Bxf4 Bxf4 12. Qxe7 Bxh2+ 13. Kh1 Qxe7 14. Rxe7 Bd6 15. Re2 Bf5 16. Nc3 Rfe8 17. Rae1 Kf8 18. Ne5 f6 19. Rf1 Bxe5 20. dxe5 Nxe5 21. Rxf5 Nxc4 22. Rc5 Rxe2 23. Nxe2 Re8 24. Rxc4 Rxe2 25. Rxc7 Re7 26. Rc8+ Kf7 27. Kg1 h5 28. Kf2 h4 29. c4 g5 30. c5 Ke6 31. b4 Kf5 32. Rd8 Re4 33. a3 a5 34. b5 Rc4 35. c6 bxc6 36. bxc6 Rxc6 37. Rd5+ Kf4 38. Rxa5 Rc2+ 39. Kf1 g4 40. Rh5 Kg3 41. a4 Rf2+ 42. Ke1 Rxg2 43. a5 Ra2 0-1

[Event "Bristol op"]
[Site "Bristol"]
[Date "1999.??.??"]
[Round "5"]
[White "Cobb, Charles"]
[Black "Jakubovics, Nick S"]
[Result "1-0"]
[WhiteElo "2275"]
[BlackElo "2210"]
[PlyCount "79"]
[EventDate "1999.??.??"]
[EventType "swiss"]
[EventRounds "5"]
[EventCountry "ENG"]
[SourceTitle "EXT 2000"]
[Source "ChessBase"]
[SourceDate "1999.11.16"]
[SourceVersion "1"]
[SourceVersionDate "1999.11.16"]
[SourceQuality "1"]

1. e4 e5 2. Nf3 Nc6 3. Bb5 a6 4. Bxc6 dxc6 5. 0-0 Bg4 6. h3 h5 7. d3 Qf6 8. Nbd2 Ne7 9. Re1 Ng6 10. d4 Bxf3 11. Nxf3 exd4 12. Bg5 Qe6 13. Nxd4 Qe5 14. Nf5 f6 15. Be3 Bd6 16. Nxd6+ cxd6 17. Bd4 Qg5 18. Re3 h4 19. Rb3 0-0-0 20. Be3 Qh5 21. Qd2 Rd7 22. Qb4 c5 23. Qd2 Ne5 24. Bf4 Rhd8 25. Rc3 Nc6 26. Rd1 Nd4 27. f3 Ne6 28. Be3 b6 29. Rd3 Nc7 30. Bf4 Ne8 31. Qe2 Kb7 32. R1d2 Qf7 33. Rd5 g5 34. Bh2 Qe6 35. b3 Nc7 36. R5d3 d5 37. exd5 Qxe2 38. Rxe2 Nxd5 39. Kh1 Nb4 40. Rxd7+ 1-0

[Event "BCF-chT2 9899 (4NCL)"]
[Site "England"]
[Date "1998.11.22"]
[Round "4.2"]
[White "Cobb, James"]
[Black "Jakubovics, Nick S"]
[Result "1/2-1/2"]
[WhiteElo "2305"]
[BlackElo "2210"]
[PlyCount "65"]
[EventDate "1998.10.??"]
[EventType "team"]
[EventRounds "11"]
[EventCountry "ENG"]
[SourceTitle "EXT 2000"]
[Source "ChessBase"]
[SourceDate "1999.11.16"]
[SourceVersion "1"]
[SourceVersionDate "1999.11.16"]
[SourceQuality "1"]
[WhiteTeam "SW Dragons"]
[BlackTeam "Bristol II"]
[WhiteTeamCountry "ENG"]
[BlackTeamCountry "ENG"]

1. Nf3 d5 2. c4 e6 3. g3 Nf6 4. Bg2 c6 5. b3 Bd6 6. Bb2 0-0 7. 0-0 Nbd7 8. d4 Ne4 9. Nbd2 f5 10. Ne5 a5 11. Nxe4 fxe4 12. f3 Nxe5 13. dxe5 exf3 14. exf3 Bc5+ 15. Kh1 b5 16. f4 bxc4 17. g4 Ra7 18. bxc4 Ba6 19. Rf3 Bxc4 20. f5 Raf7 21. f6 gxf6 22. exf6 Rxf6 23. Bxf6 Rxf6 24. Bf1 Bxf1 25. Qxf1 Rxf3 26. Qxf3 Qf8 27. Qe2 e5 28. Rf1 Qd6 29. Qa6 d4 30. Qc8+ Kg7 31. Qb7+ Kh8 32. Qc8+ Kg7 33. Qb7+ 1/2-1/2

[Event "BCF-chT2 9899 (4NCL)"]
[Site "England"]
[Date "1998.11.21"]
[Round "3.2"]
[White "Jakubovics, Nick S"]
[Black "Varley, Peter"]
[Result "1/2-1/2"]
[WhiteElo "2210"]
[BlackElo "2290"]
[PlyCount "74"]
[EventDate "1998.10.??"]
[EventType "team"]
[EventRounds "11"]
[EventCountry "ENG"]
[SourceTitle "EXT 2000"]
[Source "ChessBase"]
[SourceDate "1999.11.16"]
[SourceVersion "1"]
[SourceVersionDate "1999.11.16"]
[SourceQuality "1"]
[WhiteTeam "Bristol II"]
[BlackTeam "Gwent Dragons"]
[WhiteTeamCountry "ENG"]
[BlackTeamCountry "ENG"]

1. e4 e5 2. Nf3 Nc6 3. d4 exd4 4. Nxd4 Qh4 5. Nc3 Bb4 6. Ndb5 Ba5 7. Be2 a6 8. Nd4 Nf6 9. 0-0 Nxd4 10. Qxd4 0-0 11. Nd5 Re8 12. Bf3 Ng4 13. Bxg4 Qxg4 14. f3 Qg6 15. b4 Bb6 16. Nxb6 cxb6 17. Bf4 b5 18. Rad1 Qc6 19. Qc5 a5 20. Qg5 h6 21. Qg3 Re6 22. Rd6 Rxd6 23. Bxd6 axb4 24. Bxb4 Rxa2 25. c3 b6 26. Qd6 Qxd6 27. Bxd6 Bb7 28. Rf2 Ra1+ 29. Rf1 Rxf1+ 30. Kxf1 f6 31. Bc7 Kf7 32. Bxb6 Ke6 33. Ke2 f5 34. exf5+ Kxf5 35. Ke3 g6 36. Bc5 h5 37. h4 Bc6 1/2-1/2

[Event "BCF-chT2 9899 (4NCL)"]
[Site "England"]
[Date "1998.10.25"]
[Round "2.2"]
[White "O'Brien, Richard"]
[Black "Jakubovics, Nick S"]
[Result "0-1"]
[WhiteElo "2085"]
[BlackElo "2210"]
[PlyCount "64"]
[EventDate "1998.10.??"]
[EventType "team"]
[EventRounds "11"]
[EventCountry "ENG"]
[SourceTitle "EXT 2000"]
[Source "ChessBase"]
[SourceDate "1999.11.16"]
[SourceVersion "1"]
[SourceVersionDate "1999.11.16"]
[SourceQuality "1"]
[WhiteTeam "Slough II"]
[BlackTeam "Bristol II"]
[WhiteTeamCountry "ENG"]
[BlackTeamCountry "ENG"]

1. d4 d5 2. c4 e6 3. Nf3 c6 4. cxd5 exd5 5. g3 Nf6 6. Bg2 Bd6 7. 0-0 0-0 8. Qc2 Ne4 9. Nc3 f5 10. Ne5 Bxe5 11. dxe5 Nd7 12. f4 Qb6+ 13. e3 Ndc5 14. Rb1 a5 15. a3 a4 16. Bd2 Rd8 17. Nxe4 dxe4 18. Bb4 Nd3 19. Bd2 Be6 20. Kh1 Bb3 21. Qc3 Rd5 22. e6 Qc7 23. g4 Rc5 24. gxf5 Rxc3 25. Bxc3 Bd5 26. Rbd1 Rf8 27. Bh3 Qe7 28. Rd2 g6 29. fxg6 hxg6 30. Rg2 Nxf4 31. Rg3 Nxh3 32. Rc1 Qxe6 0-1

[Event "Pula op 11th"]
[Site "Pula"]
[Date "1997.??.??"]
[Round "9"]
[White "Jakubovics, Nick S"]
[Black "Cebalo, Miso"]
[Result "0-1"]
[WhiteElo "2210"]
[BlackElo "2540"]
[PlyCount "83"]
[EventDate "1997.05.??"]
[EventType "swiss"]
[EventRounds "9"]
[EventCountry "CRO"]
[SourceTitle "EXT 2000"]
[Source "ChessBase"]
[SourceDate "1999.11.16"]
[SourceVersion "1"]
[SourceVersionDate "1999.11.16"]
[SourceQuality "1"]

1. e4 c5 2. Nc3 Nc6 3. g3 g6 4. Bg2 Bg7 5. Nge2 e6 6. d3 Nge7 7. Be3 Nd4 8. 0-0 0-0 9. Qd2 d6 10. f4 Rb8 11. Rae1 b5 12. Kh1 b4 13. Nd1 a5 14. Ng1 a4 15. c3 bxc3 16. bxc3 Ndc6 17. Nf3 a3 18. e5 Ba6 19. Rf2 Nd5 20. exd6 Nxe3 21. Qxe3 Qxd6 22. Rd2 Rfd8 23. Ne5 Nxe5 24. fxe5 Qf8 25. g4 Qe7 26. g5 Rb1 27. d4 Bc4 28. h4 h6 29. Be4 Ra1 30. gxh6 Qxh4+ 31. Rh2 Bxh6 32. Qg1 Qg5 33. Rg2 Qe7 34. Qh2 Kg7 35. Reg1 Rh8 36. Bxg6 fxg6 37. Rxg6+ Kf7 38. Qh5 Qb7+ 39. R6g2+ Ke7 40. Nf2 Rxg1+ 41. Kxg1 Qb1+ 42. Nd1 0-1

[Event "Finkenstein op"]
[Site "Finkenstein"]
[Date "1996.??.??"]
[Round "3"]
[White "Videki, Sandor"]
[Black "Jakubovics, Nick S"]
[Result "1-0"]
[WhiteElo "2405"]
[BlackElo "2205"]
[PlyCount "109"]
[EventDate "1996.??.??"]
[EventType "swiss"]
[EventRounds "9"]
[EventCountry "AUT"]
[SourceTitle "EXT 1997"]
[Source "ChessBase"]
[SourceDate "1996.11.15"]
[SourceVersion "1"]
[SourceVersionDate "1996.11.15"]
[SourceQuality "1"]

1. e4 e5 2. Nf3 Nc6 3. Bb5 a6 4. Bxc6 dxc6 5. 0-0 f6 6. d4 exd4 7. Nxd4 Bd6 8. Nc3 Ne7 9. Be3 0-0 10. f4 Qe8 11. Qf3 f5 12. e5 Bb4 13. Nce2 c5 14. Nb3 c4 15. Nd2 Be6 16. c3 Ba5 17. b4 Bb6 18. Bxb6 cxb6 19. Nd4 Nc6 20. Nxc6 bxc6 21. Qe2 b5 22. Nf3 Bd5 23. Rfd1 Qg6 24. Nd4 Rfd8 25. a4 Be4 26. Ra2 Qe8 27. Rda1 Bd3 28. Qf3 Be4 29. Qh3 a5 30. Nxf5 Bxf5 31. Qxf5 axb4 32. cxb4 Qe7 33. Qb1 Qa7+ 34. Kh1 Qd4 35. a5 Qxf4 36. Re2 Re8 37. e6 Qd6 38. Qe1 Rad8 39. h3 c5 40. Rb1 cxb4 41. Qxb4 Qxb4 42. Rxb4 Rd6 43. Rxb5 Rexe6 44. Rc2 Rc6 45. Rb8+ Kf7 46. Rb7+ Kg6 47. Rc3 Kh6 48. a6 Rxa6 49. Rxc4 g6 50. Rh4+ Kg5 51. Rg4+ Kh6 52. Rh4+ Kg5 53. Rbxh7 Re5 54. Kh2 Rb6 55. Ra4 1-0

[Event "Hastings op 9495"]
[Site "Hastings"]
[Date "1994.??.??"]
[Round "?"]
[White "Bisby, Daniel L"]
[Black "Jakubovics, Nick S"]
[Result "1/2-1/2"]
[WhiteElo "2150"]
[BlackElo "2255"]
[PlyCount "84"]
[EventDate "1994.12.??"]
[EventType "swiss"]
[EventRounds "9"]
[EventCountry "ENG"]
[SourceTitle "EXT 1998"]
[Source "ChessBase"]
[SourceDate "1997.11.17"]
[SourceVersion "1"]
[SourceVersionDate "1997.11.17"]
[SourceQuality "1"]

1. c4 Nf6 2. Nc3 e6 3. Nf3 d5 4. d4 c6 5. e3 Nbd7 6. Bd3 dxc4 7. Bxc4 b5 8. Bd3 a6 9. e4 c5 10. d5 c4 11. Bc2 Nc5 12. Bg5 b4 13. Na4 exd5 14. e5 h6 15. Bh4 g5 16. exf6 gxh4 17. 0-0 Bb7 18. Qd4 Qc7 19. Rfe1+ Kd8 20. Re7 Bxe7 21. fxe7+ Qxe7 22. Re1 Ne6 23. Qxh8+ Kc7 24. Qxh6 Rd8 25. Nd4 Kb8 26. Nxe6 Bc8 27. Qf4+ Rd6 28. b3 Bxe6 29. bxc4 dxc4 30. h3 Kc8 31. Bf5 Qc7 32. Bxe6+ fxe6 33. Qxh4 c3 34. Qxb4 c2 35. Nc3 Rd3 36. Ne2 Rd1 37. Nc1 Qe5 38. Qc4+ Kd8 39. Rf1 Qb2 40. Qf4 Qb5 41. Qf6+ Kd7 42. Qf7+ Kd8 1/2-1/2

[Event "Hastings op 9495"]
[Site "Hastings"]
[Date "1994.??.??"]
[Round "?"]
[White "Jakubovics, Nick S"]
[Black "Kumaran, Dharshan"]
[Result "1-0"]
[WhiteElo "2255"]
[BlackElo "2495"]
[PlyCount "47"]
[EventDate "1994.12.??"]
[EventType "swiss"]
[EventRounds "9"]
[EventCountry "ENG"]
[SourceTitle "EXT 1998"]
[Source "ChessBase"]
[SourceDate "1997.11.17"]
[SourceVersion "1"]
[SourceVersionDate "1997.11.17"]
[SourceQuality "1"]

1. e4 c5 2. Nf3 e6 3. d3 Nc6 4. g3 g6 5. Bg2 Bg7 6. 0-0 Nge7 7. c3 d5 8. Nbd2 b6 9. Re1 Bb7 10. e5 g5 11. Nxg5 Nxe5 12. Ndf3 N7g6 13. Nxe5 Nxe5 14. Rxe5 Bxe5 15. Nxf7 Kxf7 16. Qh5+ Ke7 17. Qxe5 Kd7 18. Bf4 Re8 19. Bh3 Kc6 20. Bxe6 Kb5 21. c4+ dxc4 22. Bxc4+ Kc6 23. Qh5 Rf8 24. Qf3+ 1-0